|
|
|
|
| LEADER |
00620cam a2200193 7i4500 |
| 001 |
0000032553 |
| 005 |
20150813090000.0 |
| 020 |
0 |
0 |
|a 9783642394133
|
| 090 |
0 |
0 |
|a B 381.142
|b QIN
|
| 100 |
1 |
0 |
|a Qin, Zheng
|
| 245 |
1 |
0 |
|a E-commerce strategy.
|
| 260 |
0 |
0 |
|a Hangzhou
|a Heidelberg:
|b Zhejiang University Press ;:
|b Springer,
|c 2014.
|
| 300 |
# |
# |
|a 351 pages.
|
| 650 |
0 |
0 |
|a Electronic commerce
|
| 650 |
0 |
0 |
|a Electronic commerce --
|x Government policy
|
| 650 |
0 |
0 |
|a Electronic commerce
|
| 650 |
0 |
0 |
|a Electronic commerce --
|z China
|
| 650 |
0 |
0 |
|a Electronic commerce --
|z China
|
| 999 |
|
|
|a 0000036184
|b Book
|c Book
|e Business Information Centre
|